000 00758nam a2200217Ii 4500
003 JO-AjNU
008 230605s9999||||xx |||||||||||||| ||und||
017 _a2003/8/1771
040 _aJO-AjNU
_bara
_erda
_cJO-AjNU
041 _aara
050 1 4 _aG155.A1.T3238 2004
100 3 _aالطائي، حميد عبد النبي,
_eauthor
_950981
245 0 0 _aالتسويق السياحي: مدخل إستراتيجي
250 _a ط1
264 3 1 _aعمان: مؤسسة الوراق، 2004
300 _a461ص
336 _atext
_btxt
_2rdacontent
337 _aunmediated
_bn
_2rdamedia
338 _avolume
_bnc
_2rdacarrier
650 4 _aالسياحة-تنمية سياحية-سياسة سياحية السقر-المناطق السياحية
_950982
999 _aA22491
_c26059
_d26059